000 00424nam a22002057a 4500
003 UA-OsUOA
001 28642
007 ta
008 20050414b un ||||| |||| 00| 0 ukr d
090 _a82-94
_bЖ86
942 _cBK
040 _aUA-OsUOA
_brus
_cUA-OsUOA
_dUA-OsUOA
300 _a351 с.
_bІлюстрації
955 _a0
041 _arus
080 _a82-94
260 _c1985
044 _aRU
650 7 _2UDC
999 _c315011
_d315011